011_ Personnalités nées un 11 janvier par images - Statistiques

Statistiques générales
  • Ce quiz a été pris 39 fois
  • Le résultat moyen est 2 sur 9
Statistiques - réponses
Par images Hint Réponse % Correct
Acteur Bernard Blier
61%
Acteur Albert Dupontel
58%
Footballeur Jamie Vardy
53%
Politicien Pierre Mendès France
16%
Militaire Aristide Denfert-Rochereau
5%
Dirigeant Politique Jean Chrétien
3%
Dirigeant Politique John A. Macdonald
0%
Actrice Son Ye-jin
0%
Actrice Sylvie Drapeau
0%
Aucun quiz correspondant
Distribution des résultats
% des personnes avec chaque résultat
Percentile par nombre de réponses
Votre historique - résultats
Vous n’avez pas pris ce quiz